Naked : the life and pornography of Michael Lucas /

Guardat en:
Dades bibliogràfiques
Autor principal: Taylor, Corey
Format: Llibre
Idioma:anglès
Publicat: New York : Kensington, 2007
Etiquetes: Afegir etiqueta
Sense etiquetes, Sigues el primer a etiquetar aquest registre!

MARC

LEADER 00000nam a22000007i 4500
001 IT\ICCU\UBO\4179620
003 ItRI
005 20260115231821.0
008 160421s2007 xxu|||||| ||||| |||||c
020 |a 0758217501 (pbk) 
020 |a 9780758217509 (pbk) 
040 |b ita  |c importazione bologna sebina 
041 7 |a eng  |2 ISO-639-2 
100 1 |a Taylor, Corey  |0 IT\ICCU\RAVV\677057 
245 1 0 |a Naked :  |b the life and pornography of Michael Lucas /  |c Corey Taylor. 
260 |a New York :  |b Kensington,  |c 2007 
300 |a 298 p. ;  |c 21 cm 
790 1 |a Taylor, Corey Todd  |3 IT\ICCU\RAVV\677058  |z Taylor, Corey 
942 |2 ddc  |c BK  |n 0 
952 |0 0  |1 0  |4 0  |6 DOC_791_430000000000000_TAY  |7 0  |9 13419  |a BO  |b BO  |d 2026-01-15  |i 18038  |l 0  |o DOC 791.430 TAY  |p BO18038  |r 2026-01-15 23:18:21  |w 2026-01-15  |x [Sebina 5] [1 v.]  |y BK  |z 1 v. 
999 |c 11530  |d 11530